Bioéthique et post-humanité (notice n° 1648524)

détails MARC
000 -LEADER
fixed length control field 01531cam a2200169 4500500
005 - DATE AND TIME OF LATEST TRANSACTION
control field 20260208003708.0
041 ## - LANGUAGE CODE
Language code of text/sound track or separate title fre
042 ## - AUTHENTICATION CODE
Authentication code dc
100 10 - MAIN ENTRY--PERSONAL NAME
Personal name Bret, Cyrille
Relator term author
245 00 - TITLE STATEMENT
Title Bioéthique et post-humanité
260 ## - PUBLICATION, DISTRIBUTION, ETC.
Date of publication, distribution, etc. 2004.<br/>
500 ## - GENERAL NOTE
General note 43
520 ## - SUMMARY, ETC.
Summary, etc. Dans les Mémorables, Socrate exhorte ses compagnons à vivre kata dunamin. Or il est possible de distinguer deux emplois assez différents de cette expression ; en effet, la dunamis que l’on doit respecter et en fonction de laquelle l’on doit vivre désigne tantôt les ressources matérielles, tantôt la compétence technique dans un domaine précis. Le premier emploi concerne le régime de vie de chacun, l’aide aux amis et les offrandes aux dieux, alors que le second emploi est directement lié au thème de la connaissance de soi.
520 ## - SUMMARY, ETC.
Summary, etc. In the Memorabilia, Socrates urges his companions to live kata dunamin. This expression can be used in two very different ways. Sometimes the dunamis that we must respect and in accordance to which we must lead our lives refers to material resources, and sometimes it refers to expert knowledge in a specific field. The first usage concerns our way of life, our assistance to our friends and our offerings to the gods. The second usage ties in directly with the theme of self-knowledge.
786 0# - DATA SOURCE ENTRY
Note Les Études philosophiques | 69 | 2 | 2004-06-01 | p. 253-264 | 0014-2166
856 41 - ELECTRONIC LOCATION AND ACCESS
Uniform Resource Identifier <a href="https://shs.cairn.info/revue-les-etudes-philosophiques-2004-2-page-253?lang=fr&redirect-ssocas=7080">https://shs.cairn.info/revue-les-etudes-philosophiques-2004-2-page-253?lang=fr&redirect-ssocas=7080</a>

Pas d'exemplaire disponible.

PLUDOC

PLUDOC est la plateforme unique et centralisée de gestion des bibliothèques physiques et numériques de Guinée administré par le CEDUST. Elle est la plus grande base de données de ressources documentaires pour les Étudiants, Enseignants chercheurs et Chercheurs de Guinée.

Adresse

627 919 101/664 919 101

25 boulevard du commerce
Kaloum, Conakry, Guinée

Réseaux sociaux

Powered by Netsen Group @ 2025